Music Quiz

Random Music or Song Quiz

Movie Songs Quiz Stats

 Plays Quiz Updated Oct 1, 2018

Score 0/24 Timer 07:00
0 Plays Today
Song Movie % Correct
My Heart Will Go OnTitanic
85.6%
My Favorite ThingsThe Sound of Music
72%
When You Wish Upon a StarPinocchio
67.3%
Stayin' AliveSaturday Night Fever
66%
Lose Yourself8 Mile
65.7%
Mrs. RobinsonThe Graduate
64.7%
I Will Always Love YouThe Bodyguard
57.2%
Bohemian RhapsodyWayne's World
52.8%
Don't You (Forget About Me)The Breakfast Club
52%
Unchained MelodyGhost
41.5%
Wind Beneath My WingsBeaches
37.1%
Old Time Rock and RollRisky Business
32.5%
Song Movie % Correct
Man of Constant SorrowO Brother, Where Art Thou?
31.4%
Suicide is PainlessM*A*S*H
29.1%
Gonna Fly NowRocky
28.6%
Born To Be WildEasy Rider
25.7%
Gangsta's ParadiseDangerous Minds
24.9%
Raindrops Keep Fallin' on My HeadButch Cassidy and the Sundance Kid
23.6%
Stuck in the Middle With YouReservoir Dogs
21.7%
It's Hard out Here for a PimpHustle & Flow
21.1%
In Your EyesSay Anything...
19%
Who Wants to Live ForeverHighlander
8.2%
I Just Called To Say I Love YouThe Woman In Red
4.1%
I'm So ExcitedWorking Girl
1.7%

You're not logged in!

Compare scores with friends on all Sporcle quizzes.
OR
Log In

Sporcle TV

Today on Sporcle TV


Watch our educational content, quiz creation guides, and fun videos on Sporcle TV.

Show Comments

Extras

Top Quizzes Today


Score Distribution

Your Account Isn't Verified!

In order to create a playlist on Sporcle, you need to verify the email address you used during registration. Go to your Sporcle Settings to finish the process.

Report this User

Report this user for behavior that violates our Community Guidelines.

Details: